000
00286nam a2200121Ia 4500
008
190216s9999||||xx |||||||||||||| ||und||
100
_a
Seth M L
245
0
_a
Theroy &practice Of Economic Planning
260
_b
S Chand & Co
_c
1977
300
_a
732p
650
_a
Economics
942
_c
BK
999
_c
9320
_d
9320